Statistics for Locations by Letter - L

Click here to take the quiz!

General Stats

  • This quiz has been taken 28,162 times
  • The average score is 12 of 20

Answer Stats

DescriptionLocation% Correct
Paris's most famous art museumLouvre
97%
Hometown of the BeatlesLiverpool
91%
Capital of PortugalLisbon
89%
Plastic block theme park in DenmarkLegoland
83%
U.S. state home to CajunsLouisiana
80%
What happens here stays hereLas Vegas
79%
Country completely surrounded
by South Africa
Lesotho
78%
Soviet name of St. PetersburgLeningrad
75%
Biggest island in New York stateLong Island
70%
Mediterranean nation known for cedarsLebanon
66%
Northern part of Finland
where some say Santa lives
Lapland
65%
Island of tiny people visited by GulliverLilliput
60%
Largest loch in Scotland by areaLoch Lomond
57%
Second largest metro area in FranceLyon
55%
City where Cruella de Vil livesLondon
50%
Canadian peninsula that shares a
province with Newfoundland
Labrador
47%
Place in the afterlife for
unbaptized babies?
Limbo
47%
Mountain home of the dragon SmaugLonely Mountain
22%
Town in Surrey where the Dursleys liveLittle Whinging
18%
"Prairie Home Companion" locale where
all the children are above average
Lake Wobegon
11%

Score Distribution

Percentile by Number Answered

Percent of People with Each Score

Your Score History

You have not taken this quiz